| 000 | 00890nam a22002055i 4500 | ||
|---|---|---|---|
| 001 | 153062 | ||
| 003 | ES-MaACL | ||
| 005 | 20230906205015.0 | ||
| 008 | 030303s1887 sp |||| | spa d | ||
| 040 |
_aCAM _bspa _cCAM |
||
| 110 | 0 |
_aCentro Instructivo del Obrero (Madrid) _92746 |
|
| 245 | 1 | 0 |
_aMemoria escolar leida en el acto de reparto de premios del curso académico de 1886-87 / _cpor Juan Rivas Carpintero; [y discurso de Micaela Ferrer de Otalora]. |
| 260 |
_aMadrid : _b[s.n.], _c1887 ( _fImprenta y estereotipia El Liberal) |
||
| 300 |
_a23 p. ; _c21 cm. |
||
| 594 | _aPrecede al tit.: Centro Instructivo del Obrero. | ||
| 594 | _aSegunda mención de resp. tomada de la cub. | ||
| 700 | 1 | 1 |
_aFerrer de Otalora, Micaela. _950458 |
| 700 | 1 |
_aRivas Carpintero, Juan. _997570 |
|
| 852 |
_aES-MaACL _jT-586-F-3 _z-- Enc. hol. conservando la original _z-- Enc. en un vol. facticio |
||
| 999 |
_c153062 _d153062 |
||